Workplace relationships : frontline management learning guide
| Main Author: | |
|---|---|
| Format: | Book |
| Published: |
Sydney, Australia :
Pearson Prentice Hall ,
2006
|
| Subjects: |
MARC
| LEADER | 00000cam a2200000 7i4500 | ||
|---|---|---|---|
| 001 | 0000019831 | ||
| 005 | 20070808.0 | ||
| 020 | |a 0733978266 | ||
| 040 | |a INS | ||
| 090 | 0 | 0 | |a HD58.7 |b B46 2006 |
| 100 | 1 | |a Benjamin, Nigel | |
| 245 | 1 | 0 | |a Workplace relationships : |b frontline management learning guide |c Nigel Benjamin |
| 260 | |a Sydney, Australia : |b Pearson Prentice Hall , |c 2006 | ||
| 300 | |a 170 p. : |b ill. ; |c 29 cm. | ||
| 650 | 0 | 0 | |a Industrial relations |
| 650 | 0 | 0 | |a Organization behavior |
| 650 | 0 | 0 | |a Work environment |
| 999 | |a 0000018980 |b BOOK |c Open Shelf |e Default branch | ||